|
|
|
|
| LEADER |
03135nam a2200541 4500 |
| 001 |
978-3-319-73462-0 |
| 003 |
DE-He213 |
| 005 |
20190618021049.0 |
| 007 |
cr nn 008mamaa |
| 008 |
180316s2018 gw | s |||| 0|eng d |
| 020 |
|
|
|a 9783319734620
|9 978-3-319-73462-0
|
| 024 |
7 |
|
|a 10.1007/978-3-319-73462-0
|2 doi
|
| 040 |
|
|
|d GrThAP
|
| 050 |
|
4 |
|a P40-40.5
|
| 072 |
|
7 |
|a CFB
|2 bicssc
|
| 072 |
|
7 |
|a LAN009000
|2 bisacsh
|
| 072 |
|
7 |
|a CFB
|2 thema
|
| 082 |
0 |
4 |
|a 306.44
|2 23
|
| 100 |
1 |
|
|a Drummond, Rob.
|e author.
|4 aut
|4 http://id.loc.gov/vocabulary/relators/aut
|
| 245 |
1 |
0 |
|a Researching Urban Youth Language and Identity
|h [electronic resource] /
|c by Rob Drummond.
|
| 250 |
|
|
|a 1st ed. 2018.
|
| 264 |
|
1 |
|a Cham :
|b Springer International Publishing :
|b Imprint: Palgrave Macmillan,
|c 2018.
|
| 300 |
|
|
|a XVII, 286 p.
|b online resource.
|
| 336 |
|
|
|a text
|b txt
|2 rdacontent
|
| 337 |
|
|
|a computer
|b c
|2 rdamedia
|
| 338 |
|
|
|a online resource
|b cr
|2 rdacarrier
|
| 347 |
|
|
|a text file
|b PDF
|2 rda
|
| 520 |
|
|
|a This book examines how urban adolescents attending a non-mainstream learning centre in the UK use language and other semiotic practices to enact identities in their day-to-day lives. Combining variationist sociolinguistics and ethnographically-informed interactional sociolinguistics, this detailed and highly reflexive account provides rich descriptions and discussions of the linguistic processes at work in a previously underexplored research environment. In doing so, it reveals fresh insights into the changes taking place in urban British English, and into the difficulties of undertaking ethnographic, sociolinguistic research in a challenging context using a combination of methods and approaches. This interdisciplinary work will appeal to students and scholars from across the fields of sociolinguistics, ethnography, and education; as well as providing a valuable resource for teachers and trainees.
|
| 650 |
|
0 |
|a Sociolinguistics.
|
| 650 |
|
0 |
|a Linguistic change.
|
| 650 |
|
0 |
|a Linguistic anthropology.
|
| 650 |
|
0 |
|a Language and languages-Study and teaching.
|
| 650 |
|
0 |
|a Slang.
|
| 650 |
|
0 |
|a Ethnography.
|
| 650 |
1 |
4 |
|a Sociolinguistics.
|0 http://scigraph.springernature.com/things/product-market-codes/N44000
|
| 650 |
2 |
4 |
|a Language Change.
|0 http://scigraph.springernature.com/things/product-market-codes/N62000
|
| 650 |
2 |
4 |
|a Linguistic Anthropology.
|0 http://scigraph.springernature.com/things/product-market-codes/X12020
|
| 650 |
2 |
4 |
|a Language Education.
|0 http://scigraph.springernature.com/things/product-market-codes/N13010
|
| 650 |
2 |
4 |
|a Slang and Jargon.
|0 http://scigraph.springernature.com/things/product-market-codes/N63000
|
| 650 |
2 |
4 |
|a Ethnography.
|0 http://scigraph.springernature.com/things/product-market-codes/X12060
|
| 710 |
2 |
|
|a SpringerLink (Online service)
|
| 773 |
0 |
|
|t Springer eBooks
|
| 776 |
0 |
8 |
|i Printed edition:
|z 9783319734613
|
| 776 |
0 |
8 |
|i Printed edition:
|z 9783319734637
|
| 776 |
0 |
8 |
|i Printed edition:
|z 9783030087920
|
| 856 |
4 |
0 |
|u https://doi.org/10.1007/978-3-319-73462-0
|z Full Text via HEAL-Link
|
| 912 |
|
|
|a ZDB-2-SLS
|
| 950 |
|
|
|a Social Sciences (Springer-41176)
|